000 00537 a2200205 4500
005 20260401114327.0
008 260325b |||||||| |||| 00| 0 eng d
020 _a9789375618720
_cRs. 795.00
040 _aIMSAR
082 _a336.278
_bB227G(13)
100 _aBansal, K M
245 _aGST and customs law
250 _a13th
260 _bTaxmann Publications
_c2026
_aNew Delhi
300 _av.
650 _aGoods and Services Tax-India
650 _aCustoms Law-India
650 _aCustoms Administration-Law
942 _cBK
999 _c396973
_d396973